Grundlagen der elektronischen Datenverarbeitung für Ökonomen Hochschullehrbuch

Saved in:
Bibliographic Details
Format: Book
Language:German
Published: Berlin Wirtschaft 1982
Tags: Add Tag
No Tags, Be the first to tag this record!

MARC

LEADER 00000nam a2200000 4500
001 c129504
005 20041019155246.5
041 0 |a ger 
044 |a DE 
245 1 0 |a Grundlagen der elektronischen Datenverarbeitung für Ökonomen  |b Hochschullehrbuch 
264 1 |a Berlin  |b Wirtschaft  |c 1982 
300 |a 287 s.